लोड हो रहा है...
Vedic India; Classical India Vol - 3
| अन्य लेखक: | |
|---|---|
| स्वरूप: | Printed Book |
| प्रकाशित: |
Calcutta;
Susil Gupta (India) Pvt Ltd;
1957
|
| संस्करण: | 1st |
| विषय: |
| LEADER | 00520nam a22001457a 4500 | ||
|---|---|---|---|
| 082 | |a 954 |b REN/V J7 | ||
| 245 | |a Vedic India; |b Classical India Vol - 3 | ||
| 250 | |a 1st | ||
| 260 | |a Calcutta; |b Susil Gupta (India) Pvt Ltd; |c 1957 | ||
| 300 | |a 160p. | ||
| 650 | |a English ;Indian History |9 308981 | ||
| 700 | |a Philip Spratt (Tr.) |9 185604 | ||
| 942 | |c BK | ||
| 999 | |c 66726 |d 66726 | ||
| 952 | |0 0 |1 0 |4 0 |6 954_000000000000000_REN_V_J7 |7 0 |8 INDHIS |9 79454 |a MAL |b MAL |d 2016-10-27 |e 2114 |g 12.00 |l 0 |o 954 REN/V J7 |p MAL002114 |r 2016-10-27 |t 1 |w 2016-10-27 |y BK | ||